书目信息 |
| 题名: |
肉兔健康养殖400问
|
|
| 作者: | 谷子林 主编 | |
| 分册: | ||
| 出版信息: | 北京 中国农业出版社 2008 |
|
| 页数: | 16,310页 | |
| 开本: | 18cm | |
| 丛书名: | 建设社会主义新农村书系 | |
| 单 册: | ||
| 中图分类: | S829.1-44 | |
| 科图分类: | ||
| 主题词: | 肉用兔--饲养管理--问答 | |
| 电子资源: | ||
| ISBN: | 978-7-109-12193-5 | |
| 000 | 00735oam2 2200229 45 | |
| 005 | 20100303150638.37 | |
| 010 | @a978-7-109-12193-5@dCNY14.70 | |
| 100 | @a20100121d2008 ekmy0chiy0120 ea | |
| 101 | 0 | @achi |
| 102 | @aCN@b110000 | |
| 105 | @ay z 000yy | |
| 106 | @ar | |
| 200 | 1 | @a肉兔健康养殖400问@ARou Tu Jian Kang Yang Zhi 400 Wen@f谷子林主编@FGu Zi Lin Zhu Bian |
| 210 | @a北京@c中国农业出版社@c农村读物出版社@d2008 | |
| 215 | @a16,310页@d18cm | |
| 225 | 2 | @a建设社会主义新农村书系@i养殖业篇 |
| 461 | 0 | @12001 @a建设社会主义新农村书系@i养殖业篇 |
| 606 | 0 | @a肉用兔@x饲养管理@x问答 |
| 690 | @aS829.1-44@v4 | |
| 701 | 0 | @a谷子林@AGu Zi Lin@4主编 |
| 801 | 0 | @aCN@bTANGWEI@c20100303 |
| 905 | @b0585188-91@dS829.1-44@e77@f4 | |
| 肉兔健康养殖400问/谷子林主编.-北京:中国农业出版社:农村读物出版社,2008 |
| 16,310页;18cm.-(建设社会主义新农村书系.养殖业篇) |
| ISBN 978-7-109-12193-5:CNY14.70 |
| ● |
| 相关链接 |
|
|
|
|
正题名:肉兔健康养殖400问
索取号:S829.1-44/77
 
预约/预借
| 序号 | 登录号 | 条形码 | 馆藏地/架位号 | 状态 | 备注 |
| 1 | 0585188 | 205851880 | 第二样本阅览室/ [索取号:S829.1-44/77] | 在馆 | |
| 2 | 0585189 | 205851899 | 第三借阅区/ [索取号:S829.1-44/77] | 在馆 | |
| 3 | 0585190 | 205851906 | 第三借阅区/ [索取号:S829.1-44/77] | 在馆 | |
| 4 | 0585191 | 205851915 | 密集书库-生命科学系/ [索取号:S829.1-44/77] | 在馆 |